Top 10 Länder nach Platinproduktion - Statistiken

Allgemein
  • Dieses Quiz wurde 16 mal gespielt
  • Das Durchschnittsergebnis liegt bei 5 aus 10
Antwortstatistiken
Platz Abbaumenge in Kilogramm Land % Korrekt
6 2.500 China
100%
5 4.200 Vereinigte Staaten
100%
4 7.000 Kanada
87%
2 23.000 Russland
87%
9 100 Australien
67%
1 112.000 Südafrika
53%
8 414 Kolumbien
20%
3 15.000 Simbabwe
13%
7 1.277 Finnland
7%
10 22 Serbien
7%
Keine übereinstimmenden Quizze gefunden
Verteilung der Resultate
Anzahl Personen mit jedem Resultat
Perzentil nach korrekt beantworteten Fragen
Ihre Resultats-Entwicklung
Sie haben dieses Quiz noch nicht gespielt